RICS to improve links with members (Record no. 73808)

MARC details
000 -LEADER
fixed length control field 00909cam a2200181 4500
001 - CONTROL NUMBER
control field WB3944-17
008 - FIXED-LENGTH DATA ELEMENTS--GENERAL INFORMATION
fixed length control field 031119n2003 000 0 eng u
035 ## - SYSTEM CONTROL NUMBER
System control number (Sirsi) u124370
245 ## - TITLE STATEMENT
Title RICS to improve links with members
260 ## - PUBLICATION, DISTRIBUTION, ETC.
Date of publication, distribution, etc. 2003
490 ## - SERIES STATEMENT
Series statement RICS Press Release
Volume/sequential designation (pr108) 18 November 2003 (2)
520 ## - SUMMARY, ETC.
Summary, etc. The RICS have launched the new President's Review Committee, designed to address concerns that elements of the broad RICS are too remote from the decision-making process. At least half of the committee will have no official involvement in RICS affairs. RICS members are to be invited to participate in the committee. http://www.rics.org/ricscms/bin/show?class=PressRelease&template=/includes/showpr.html&id=1061&faculty=RICS
590 ## - LOCAL NOTE (RLIN)
Local note WB
650 ## - SUBJECT ADDED ENTRY--TOPICAL TERM
Topical term or geographic name entry element PROFESSIONAL INSTITUTIONS
650 ## - SUBJECT ADDED ENTRY--TOPICAL TERM
Topical term or geographic name entry element RICS
690 ## - LOCAL SUBJECT ADDED ENTRY--TOPICAL TERM (OCLC, RLIN)
Topical term or geographic name as entry element MANAGEMENT-BUSINESS MANAGEMENT-PROFESSIONAL PRACTICE
942 ## - ADDED ENTRY ELEMENTS (KOHA)
Suppress in OPAC 0
Holdings
Withdrawn status Lost status Source of classification or shelving scheme Damaged status Not for loan Home library Current library Shelving location Date acquired Total Checkouts Full call number Barcode Date last seen Copy number Price effective from Koha item type
    Dewey Decimal Classification     London London News article 19/11/2003   WB3944-17 124370-1001 06/08/2019 1 06/08/2019 News article